000 00648nam a2200193Ia 4500
005 20250508155712.0
008 008 250505s9999 xx 000 0 eng d
037 _aDissertations
040 _aFEDL
_beng
_cFEDL
041 _aeng
_2eng
084 _a370.954, JAI/DI
_qFEDL
100 _aJain Rishal Chand
_9767322
245 0 _aAnalytical study of the educational matter appearing in the Delhi over a period of five months from Ist august, 1970 to 31st december, 1970
260 _c1971
300 _a121p.
546 _aM.Ed. Dissertation (Delhi University)
942 _cDIS
_h370.954, JAI/DI
999 _c1358867
_d1358867